[Event "Monarch Assurance Isle of Man 12th"]
[Site "Port Erin IOM"]
[Date "2003.09.28"]
[Round "2.24"]
[White "Prasad, Devaki V"]
[Black "Horton, E Justin"]
[Result "1-0"]
[WhiteElo "2407"]
[BlackElo "2120"]
[PlyCount "63"]
[EventDate "2003.09.27"]
[EventType "swiss"]
[EventRounds "9"]
[EventCountry "IOM"]
[SourceTitle "BritBase"]
[SourceDate "2008.07.14"]
[SourceVersion "1"]
[SourceVersionDate "2008.07.14"]
[SourceQuality "2"]

1. e4 e5 2. Nf3 Nc6 3. Bb5 a6 4. Ba4 Nf6 5. O-O Be7 6. Re1 b5 7. Bb3 d6 8. c3
O-O 9. h3 Nb8 10. d4 Nbd7 11. Nbd2 Bb7 12. Bc2 Re8 13. Nf1 Bf8 14. Ng3 g6 15.
a4 c5 16. d5 c4 17. Bg5 Bg7 18. Qd2 Qe7 19. Ra3 Qf8 20. Rea1 Nc5 21. Qc1 Reb8
22. Be3 Nfd7 23. axb5 axb5 24. Ra5 Rxa5 25. Rxa5 Ba6 26. Qa1 Qc8 27. Nd2 b4 28.
Ba4 bxc3 29. bxc3 Nb3 30. Nxb3 cxb3 31. Bxd7 b2 32. Qxb2 1-0

[Event "Monarch Assurance Isle of Man 12th"]
[Site "Port Erin IOM"]
[Date "2003.09.28"]
[Round "2.25"]
[White "Adams, Phil"]
[Black "Maze, Sebastien"]
[Result "1/2-1/2"]
[WhiteElo "2115"]
[BlackElo "2412"]
[PlyCount "144"]
[EventDate "2003.09.27"]
[EventType "swiss"]
[EventRounds "9"]
[EventCountry "IOM"]
[SourceTitle "BritBase"]
[SourceDate "2008.07.14"]
[SourceVersion "1"]
[SourceVersionDate "2008.07.14"]
[SourceQuality "2"]

1. e4 Nf6 2. e5 Nd5 3. d4 d6 4. c4 Nb6 5. exd6 cxd6 6. Nc3 g6 7. Be3 Bg7 8. Rc1
O-O 9. b3 Nc6 10. d5 Ne5 11. Be2 f5 12. f4 Ng4 13. Bd4 Bh6 14. g3 e5 15. dxe6
Bxe6 16. Nf3 Re8 17. O-O Bf7 18. Re1 Nf6 19. Bd3 Rxe1+ 20. Qxe1 Nbd7 21. Rd1 a6
22. Bf1 Qc7 23. Qd2 Re8 24. Bxf6 Nxf6 25. Qxd6 Qxd6 26. Rxd6 Ng4 27. Na4 Bf8
28. Rd7 Re3 29. Rd3 Be8 30. Ne5 Re1 31. Nxg4 fxg4 32. Kf2 Ra1 33. Nc3 Bc5+ 34.
Ke2 Bc6 35. Nd5 Rxa2+ 36. Rd2 Ra3 37. Rd3 Kf7 38. h3 h5 39. hxg4 hxg4 40. Bg2
a5 41. Be4 Bb4 42. Ke3 Bc5+ 43. Ke2 a4 44. bxa4 Rxa4 45. Rc3 b5 46. Bc2 Rxc4
47. Rxc4 bxc4 48. Ne3 Bf3+ 49. Kd2 Bb4+ 50. Kc1 c3 51. Bd1 Be4 52. Bxg4 Ba3+
53. Kd1 Bc5 54. Nc4 Kf6 55. Bd7 Bf2 56. g4 Bg3 57. f5 g5 58. Ba4 Bf4 59. Na3
Bf3+ 60. Kc2 Bxg4 61. Kxc3 Bxf5 62. Bc6 g4 63. Nc2 Kg5 64. Ne1 Kh4 65. Ng2+ Kg3
66. Kd4 Bd2 67. Ke5 Bc2 68. Kd4 Bd1 69. Kd3 Bf3 70. Bd7 Bc1 71. Ne3 Kf4 72.
Nxg4 Bxg4 1/2-1/2

[Event "Monarch Assurance Isle of Man 12th"]
[Site "Port Erin IOM"]
[Date "2003.09.28"]
[Round "2.26"]
[White "Hunt, Harriet"]
[Black "Goodger, Martyn"]
[Result "1-0"]
[WhiteElo "2402"]
[BlackElo "2114"]
[PlyCount "47"]
[EventDate "2003.09.27"]
[EventType "swiss"]
[EventRounds "9"]
[EventCountry "IOM"]
[SourceTitle "BritBase"]
[SourceDate "2008.07.14"]
[SourceVersion "1"]
[SourceVersionDate "2008.07.14"]
[SourceQuality "2"]

1. e4 e5 2. Nf3 Nf6 3. d4 exd4 4. e5 Ne4 5. Qxd4 f5 6. exf6 Nxf6 7. Bg5 Be7 8.
Nc3 O-O 9. O-O-O d6 10. Bc4+ Kh8 11. Bd3 Ng4 12. Bxe7 Qxe7 13. Rhe1 Qd8 14. Qe4
g6 15. h3 Nf6 16. Qh4 Kg7 17. Ng5 Nc6 18. Nd5 h6 19. Nf4 hxg5 20. Qxg5 Ne5 21.
Rxe5 dxe5 22. Qxg6+ Kh8 23. Qh6+ Kg8 24. Bc4+ 1-0

[Event "Monarch Assurance Isle of Man 12th"]
[Site "Port Erin IOM"]
[Date "2003.09.28"]
[Round "2.27"]
[White "Williams, Simon K"]
[Black "Fossum, Oystein Boyum"]
[Result "1-0"]
[WhiteElo "2381"]
[BlackElo "2090"]
[PlyCount "65"]
[EventDate "2003.09.27"]
[EventType "swiss"]
[EventRounds "9"]
[EventCountry "IOM"]
[SourceTitle "BritBase"]
[SourceDate "2008.07.14"]
[SourceVersion "1"]
[SourceVersionDate "2008.07.14"]
[SourceQuality "2"]

1. d4 Nf6 2. c4 g6 3. Nc3 Bg7 4. e4 d6 5. Nge2 O-O 6. Ng3 c5 7. d5 e5 8. h4 Na6
9. h5 Nc7 10. a3 Nfe8 11. Bd2 Rb8 12. b4 Bd7 13. Rb1 a6 14. Be2 f5 15. hxg6
hxg6 16. exf5 gxf5 17. Nh5 Bh8 18. bxc5 dxc5 19. Rb6 Nf6 20. Nxf6+ Bxf6 21. Bd3
Ne8 22. Qh5 Ng7 23. Qh7+ Kf7 24. Rb1 e4 25. Be2 Qc7 26. Bh5+ Ke7 27. d6+ Qxd6
28. Nd5+ Kd8 29. Bf4 Be5 30. Bg5+ Bf6 31. Nxf6 Qd3 32. Nd5+ Kc8 33. Rd1 1-0

[Event "Monarch Assurance Isle of Man 12th"]
[Site "Port Erin IOM"]
[Date "2003.09.28"]
[Round "2.28"]
[White "Devereaux, Max"]
[Black "Gruettner, Ralf"]
[Result "1-0"]
[WhiteElo "2329"]
[BlackElo "2073"]
[PlyCount "73"]
[EventDate "2003.09.27"]
[EventType "swiss"]
[EventRounds "9"]
[EventCountry "IOM"]
[SourceTitle "BritBase"]
[SourceDate "2008.07.14"]
[SourceVersion "1"]
[SourceVersionDate "2008.07.14"]
[SourceQuality "2"]

1. e4 Nf6 2. e5 Nd5 3. d4 d6 4. Nf3 Bg4 5. Be2 c6 6. c4 Nb6 7. Ng5 Bxe2 8. Qxe2
dxe5 9. dxe5 e6 10. O-O N8d7 11. Bf4 Be7 12. Ne4 g5 13. Bg3 h5 14. h3 Nf8 15.
Rd1 Nbd7 16. Nbc3 Ng6 17. Nf6+ Bxf6 18. exf6 Qxf6 19. Ne4 Qg7 20. Rxd7 Kxd7 21.
Qd2+ Ke8 22. Qb4 Qd4 23. Nd6+ Kf8 24. Qxb7 Kg7 25. Qxf7+ Kh6 26. Qxe6 Rhf8 27.
Nf5+ Rxf5 28. Qxf5 h4 29. Bc7 Qxb2 30. Rb1 Qxa2 31. f4 Qxc4 32. Qxg5+ Kh7 33.
Qh5+ Kg7 34. Rb7 Rg8 35. Be5+ Kf8 36. Qf5+ Ke8 37. Qd7+ 1-0

[Event "Monarch Assurance Isle of Man 12th"]
[Site "Port Erin IOM"]
[Date "2003.09.28"]
[Round "2.29"]
[White "Tagnon, Nicole"]
[Black "Pert, Richard"]
[Result "0-1"]
[WhiteElo "2071"]
[BlackElo "2380"]
[PlyCount "48"]
[EventDate "2003.09.27"]
[EventType "swiss"]
[EventRounds "9"]
[EventCountry "IOM"]
[SourceTitle "BritBase"]
[SourceDate "2008.07.14"]
[SourceVersion "1"]
[SourceVersionDate "2008.07.14"]
[SourceQuality "2"]

1. e4 c6 2. d4 d5 3. e5 c5 4. dxc5 Nc6 5. Bb5 e6 6. Be3 Nge7 7. Nf3 Bd7 8. O-O
Nxe5 9. Nxe5 Bxb5 10. Qh5 Ng6 11. c4 Bxc4 12. Nxc4 dxc4 13. Na3 Qd5 14. Qxd5
exd5 15. Nb5 Kd7 16. Nxa7 Ne5 17. Rfd1 Rxa7 18. Rxd5+ Ke6 19. Rxe5+ Kxe5 20. c6
Ra8 21. cxb7 Rb8 22. Rd1 Rxb7 23. Rd8 Ke6 24. Bd4 Rd7 0-1

[Event "Monarch Assurance Isle of Man 12th"]
[Site "Port Erin IOM"]
[Date "2003.09.28"]
[Round "2.30"]
[White "Stubberud, Ornulf"]
[Black "Cooper, Lawrence"]
[Result "1/2-1/2"]
[WhiteElo "1965"]
[BlackElo "2335"]
[PlyCount "80"]
[EventDate "2003.09.27"]
[EventType "swiss"]
[EventRounds "9"]
[EventCountry "IOM"]
[SourceTitle "BritBase"]
[SourceDate "2008.07.14"]
[SourceVersion "1"]
[SourceVersionDate "2008.07.14"]
[SourceQuality "2"]

1. e4 e5 2. Nf3 Nc6 3. Bb5 a6 4. Ba4 d6 5. d4 b5 6. Bb3 Nxd4 7. Nxd4 exd4 8.
Bd5 Rb8 9. Qxd4 c5 10. Qd3 Nf6 11. Nc3 Bd7 12. Bg5 Be7 13. Bxf6 Bxf6 14. O-O
O-O 15. Rae1 Qa5 16. Re3 Qb4 17. Nd1 c4 18. Qe2 Qc5 19. c3 Rbe8 20. Kh1 Re7 21.
f4 Rfe8 22. Re1 g6 23. Nf2 Bg7 24. Qd2 Kh8 25. Nh3 Bxh3 26. Rxh3 f5 27. Rhe3 a5
28. a3 b4 29. axb4 axb4 30. cxb4 Qd4 31. Qxd4 Bxd4 32. R3e2 fxe4 33. Rxe4 Rxe4
34. Rxe4 Rxe4 35. Bxe4 Bxb2 36. Kg1 Kg7 37. Kf2 Kf6 38. Bd5 c3 39. Bb3 Ba3 40.
b5 Bc5+ 1/2-1/2

[Event "Monarch Assurance Isle of Man 12th"]
[Site "Port Erin IOM"]
[Date "2003.09.28"]
[Round "2.31"]
[White "Ashton, Adam"]
[Black "Grunberg, Mihai"]
[Result "1/2-1/2"]
[WhiteElo "2234"]
[BlackElo "2406"]
[PlyCount "137"]
[EventDate "2003.09.27"]
[EventType "swiss"]
[EventRounds "9"]
[EventCountry "IOM"]
[SourceTitle "BritBase"]
[SourceDate "2008.07.14"]
[SourceVersion "1"]
[SourceVersionDate "2008.07.14"]
[SourceQuality "2"]

1. e4 Nf6 2. Nc3 d5 3. e5 Nfd7 4. d4 c5 5. dxc5 e6 6. Nf3 Bxc5 7. Bd3 Nc6 8.
Bf4 a6 9. Qe2 b5 10. O-O Bb7 11. Rfe1 Nb4 12. a4 Nxd3 13. Qxd3 b4 14. Ne2 a5
15. Ned4 Ba6 16. Qd2 Rc8 17. Nb3 Be7 18. Bg5 Bxg5 19. Nxg5 O-O 20. Nd4 Nc5 21.
Ngf3 Qd7 22. b3 Ne4 23. Qf4 Qa7 24. Re3 h6 25. Rae1 Rce8 26. Qg4 f5 27. exf6
Rxf6 28. Qh5 Rff8 29. Qe5 Rf6 30. Qh5 Ref8 31. Qe5 Qb6 32. h3 Rc8 33. Rd1 Qc7
34. Qxc7 Rxc7 35. Nd2 e5 36. N4f3 Rxc2 37. Nxe4 dxe4 38. Rxe4 Bb7 39. Rxe5 Bxf3
40. gxf3 Rxf3 41. Rxa5 Rfxf2 42. Rb5 Rg2+ 43. Kh1 Rh2+ 44. Kg1 Rcg2+ 45. Kf1
Rb2 46. Kg1 Rxh3 47. Rxb4 Rhxb3 48. Rxb3 Rxb3 49. Ra1 Rb6 50. a5 Ra6 51. Kf2 g5
52. Kf3 Kf7 53. Kg4 Kg6 54. Ra4 h5+ 55. Kg3 Kf5 56. Kf3 g4+ 57. Kg3 Kg5 58. Kg2
h4 59. Kh2 Rc6 60. a6 Rc2+ 61. Kh1 Rc1+ 62. Kg2 h3+ 63. Kg3 Rc3+ 64. Kh2 Rc2+
65. Kh1 g3 66. Ra1 Rc8 67. a7 Ra8 68. Ra5+ Kf6 69. Ra3 1/2-1/2

[Event "Monarch Assurance Isle of Man 12th"]
[Site "Port Erin IOM"]
[Date "2003.09.28"]
[Round "2.32"]
[White "Valaker, Ole J"]
[Black "Cioara, Andrei N"]
[Result "1/2-1/2"]
[WhiteElo "2207"]
[BlackElo "2394"]
[PlyCount "87"]
[EventDate "2003.09.27"]
[EventType "swiss"]
[EventRounds "9"]
[EventCountry "IOM"]
[SourceTitle "BritBase"]
[SourceDate "2008.07.14"]
[SourceVersion "1"]
[SourceVersionDate "2008.07.14"]
[SourceQuality "2"]

1. d4 Nf6 2. Nf3 e6 3. Bg5 c5 4. e3 b6 5. d5 d6 6. Bb5+ Nbd7 7. Nc3 Bb7 8. e4
e5 9. a4 Be7 10. a5 bxa5 11. O-O O-O 12. Ra3 Rb8 13. Qa1 a6 14. Bxf6 axb5 15.
Bxe7 Qxe7 16. Rxa5 b4 17. Nb5 f5 18. Nd2 Nb6 19. f3 Ra8 20. Ra7 Qg5 21. Rf2 Qh6
22. Nc7 Rab8 23. Ne6 Rfe8 24. exf5 Nc8 25. Ra5 Ne7 26. g4 Nxd5 27. Ne4 Nf4 28.
Nxf4 Qxf4 29. Qa2+ c4 30. Qxc4+ d5 31. Rxd5 Bxd5 32. Qxd5+ Kh8 33. Nd6 Re7 34.
Nf7+ Rxf7 35. Qxf7 e4 36. f6 gxf6 37. fxe4 Qxg4+ 38. Rg2 Qd1+ 39. Kf2 Qxc2+ 40.
Kg3 Qd3+ 41. Kf2 Qd2+ 42. Kf3 Qh6 43. Qc7 Re8 44. Qf4 1/2-1/2

[Event "Monarch Assurance Isle of Man 12th"]
[Site "Port Erin IOM"]
[Date "2003.09.28"]
[Round "2.34"]
[White "Mannion, Stephen"]
[Black "McPhillips, Karl"]
[Result "1/2-1/2"]
[WhiteElo "2339"]
[BlackElo "1918"]
[PlyCount "99"]
[EventDate "2003.09.27"]
[EventType "swiss"]
[EventRounds "9"]
[EventCountry "IOM"]
[SourceTitle "BritBase"]
[SourceDate "2008.07.14"]
[SourceVersion "1"]
[SourceVersionDate "2008.07.14"]
[SourceQuality "2"]

1. e4 c5 2. Nf3 Nc6 3. d4 cxd4 4. Nxd4 g6 5. c4 Nf6 6. Nc3 d6 7. Nc2 Bg7 8. Be2
Nd7 9. O-O O-O 10. Bd2 Nc5 11. b4 Bxc3 12. Bxc3 Nxe4 13. Bb2 f5 14. Qe1 Qc7 15.
Rd1 a5 16. b5 Ne5 17. Ne3 Be6 18. f3 Nf6 19. Qh4 Rac8 20. Rc1 Ned7 21. Kh1 Nc5
22. h3 Nh5 23. g4 Ng7 24. Qh6 Ne8 25. h4 Na4 26. Bd4 f4 27. h5 Bf7 28. hxg6
Bxg6 29. Nd5 Qd7 30. c5 e5 31. c6 bxc6 32. bxc6 Qg7 33. Qxg7+ Kxg7 34. Ba1 Nc5
35. Bb5 Bd3 36. Bxd3 Nxd3 37. Rc4 Nc5 38. Nxf4 Kh6 39. Nh5 Rxc6 40. Bc3 Rc7 41.
Bxa5 Ra7 42. Bb6 Rxa2 43. Bxc5 dxc5 44. Rxc5 Kg5 45. Rxe5+ Kh4 46. Re3 Nf6 47.
Nf4 Rd8 48. Ng2+ Kh3 49. Rg1 Rdd2 50. Nf4+ 1/2-1/2

[Event "Monarch Assurance Isle of Man 12th"]
[Site "Port Erin IOM"]
[Date "2003.09.28"]
[Round "2.35"]
[White "Lutton, E Josiah"]
[Black "Daly, Colm"]
[Result "1/2-1/2"]
[WhiteElo "2031"]
[BlackElo "2355"]
[PlyCount "61"]
[EventDate "2003.09.27"]
[EventType "swiss"]
[EventRounds "9"]
[EventCountry "IOM"]
[SourceTitle "BritBase"]
[SourceDate "2008.07.14"]
[SourceVersion "1"]
[SourceVersionDate "2008.07.14"]
[SourceQuality "2"]

1. e4 g6 2. Nc3 Bg7 3. f4 d6 4. Nf3 Bg4 5. Be2 c5 6. O-O Nc6 7. Qe1 e6 8. d3
Nge7 9. h3 Bxf3 10. Bxf3 Nd4 11. Bd1 Nec6 12. f5 O-O 13. g4 b5 14. Ne2 Nxe2+
15. Qxe2 Qh4 16. Qg2 b4 17. g5 Be5 18. Bg4 a5 19. fxe6 fxe6 20. Bxe6+ Kg7 21.
Be3 Bxb2 22. Rxf8 Rxf8 23. Rf1 Rxf1+ 24. Qxf1 Nd8 25. d4 Qg3+ 26. Kh1 Nxe6 27.
Qf6+ Kg8 28. Qxe6+ Kf8 29. Qc8+ Ke7 30. Qc7+ Ke8 31. Qc8+ 1/2-1/2

[Event "Monarch Assurance Isle of Man 12th"]
[Site "Port Erin IOM"]
[Date "2003.09.28"]
[Round "2.36"]
[White "Spanton, Tim"]
[Black "Dannevig, Oystein"]
[Result "0-1"]
[WhiteElo "2021"]
[BlackElo "2331"]
[PlyCount "88"]
[EventDate "2003.09.27"]
[EventType "swiss"]
[EventRounds "9"]
[EventCountry "IOM"]
[SourceTitle "BritBase"]
[SourceDate "2008.07.14"]
[SourceVersion "1"]
[SourceVersionDate "2008.07.14"]
[SourceQuality "2"]

1. e4 c5 2. Nf3 d6 3. d4 cxd4 4. Nxd4 Nf6 5. Nc3 g6 6. g3 Nc6 7. Nde2 Bg7 8.
Bg2 O-O 9. O-O Rb8 10. h3 b5 11. a3 a5 12. g4 b4 13. Nd5 Ba6 14. Re1 Bxe2 15.
Rxe2 Nxd5 16. exd5 Ne5 17. axb4 axb4 18. Ra7 Re8 19. Qe1 b3 20. c3 Ra8 21. Rxa8
Qxa8 22. Be4 Rc8 23. Qd1 Qa1 24. Re1 Qa2 25. Qe2 Bf6 26. g5 Bg7 27. Bd3 Qa5 28.
f4 Nxd3 29. Qxd3 Rc7 30. Bd2 Kf8 31. Kh2 Qa4 32. Qe4 Qa6 33. Qb4 Rb7 34. Qe4
Rc7 35. Qb4 Rb7 36. Qe4 Kg8 37. Be3 Qa2 38. Qb1 Bxc3 39. Rc1 Qxb2+ 40. Qxb2
Bxb2 41. Rb1 Bg7 42. Kg3 b2 43. Kf3 Rb5 44. Ke4 Ra5 0-1

[Event "Monarch Assurance Isle of Man 12th"]
[Site "Port Erin IOM"]
[Date "2003.09.28"]
[Round "2.37"]
[White "Menacher, Manfred"]
[Black "Moes, Waldemar"]
[Result "1-0"]
[WhiteElo "2327"]
[BlackElo "2027"]
[PlyCount "45"]
[EventDate "2003.09.27"]
[EventType "swiss"]
[EventRounds "9"]
[EventCountry "IOM"]
[SourceTitle "BritBase"]
[SourceDate "2008.07.14"]
[SourceVersion "1"]
[SourceVersionDate "2008.07.14"]
[SourceQuality "2"]

1. e4 c5 2. Nf3 e6 3. Nc3 a6 4. d4 cxd4 5. Nxd4 Qc7 6. Bd3 Nc6 7. Nxc6 dxc6 8.
O-O e5 9. Be3 b5 10. a4 b4 11. Nb1 Nf6 12. Nd2 Be6 13. Qe2 a5 14. Bc4 Bxc4 15.
Nxc4 Nd7 16. Rad1 Be7 17. Qg4 g6 18. Bh6 O-O-O 19. Bg7 f5 20. exf5 Rhg8 21. f6
Bf8 22. Qe6 Bxg7 23. Rxd7 1-0

[Event "Monarch Assurance Isle of Man 12th"]
[Site "Port Erin IOM"]
[Date "2003.09.28"]
[Round "2.38"]
[White "Murtagh, Dermot"]
[Black "Molander, Riku"]
[Result "0-1"]
[WhiteElo "1798"]
[BlackElo "2324"]
[PlyCount "54"]
[EventDate "2003.09.27"]
[EventType "swiss"]
[EventRounds "9"]
[EventCountry "IOM"]
[SourceTitle "BritBase"]
[SourceDate "2008.07.14"]
[SourceVersion "1"]
[SourceVersionDate "2008.07.14"]
[SourceQuality "2"]

1. e4 c5 2. Nf3 d6 3. Bb5+ Nc6 4. O-O Bd7 5. c3 Nf6 6. Re1 e6 7. d4 cxd4 8.
cxd4 d5 9. e5 Ne4 10. Nbd2 Nxd2 11. Bxd2 Be7 12. Rc1 Rc8 13. Bxc6 bxc6 14. a3
O-O 15. b4 Rb8 16. Re3 Qb6 17. Rec3 h6 18. Qe2 a5 19. bxa5 Qxa5 20. Rxc6 Qxa3
21. Ra6 Qxc1+ 22. Bxc1 Bb5 23. Qa2 Bxa6 24. Nd2 Rfc8 25. Ba3 Rc3 26. Bb2 Rc2
27. Qxa6 Rxd2 0-1

[Event "Monarch Assurance Isle of Man 12th"]
[Site "Port Erin IOM"]
[Date "2003.09.28"]
[Round "2.39"]
[White "Kiseleva, Natalia"]
[Black "Young, Mel"]
[Result "1-0"]
[WhiteElo "2322"]
[BlackElo "2005"]
[PlyCount "69"]
[EventDate "2003.09.27"]
[EventType "swiss"]
[EventRounds "9"]
[EventCountry "IOM"]
[SourceTitle "BritBase"]
[SourceDate "2008.07.14"]
[SourceVersion "1"]
[SourceVersionDate "2008.07.14"]
[SourceQuality "2"]

1. d4 Nf6 2. c4 c5 3. d5 b5 4. cxb5 a6 5. bxa6 g6 6. Nc3 Bxa6 7. Nf3 d6 8. g3
Bg7 9. Bg2 O-O 10. O-O Nbd7 11. Rb1 Qa5 12. Bd2 Rfb8 13. Qc2 Qd8 14. b3 Nb6 15.
Nh4 Bb7 16. e4 Ba6 17. Rfe1 Nbd7 18. h3 Ne5 19. Re3 Ra7 20. f4 Ned7 21. Kh2 Nh5
22. Nf3 Bd4 23. e5 Bxe3 24. Bxe3 dxe5 25. fxe5 Qc7 26. d6 exd6 27. Nd5 Qd8 28.
exd6 Ndf6 29. Ne7+ Rxe7 30. dxe7 Qxe7 31. Qxc5 Qe4 32. Rb2 Re8 33. Bg5 Nd5 34.
b4 f6 35. Nd2 1-0

[Event "Monarch Assurance Isle of Man 12th"]
[Site "Port Erin IOM"]
[Date "2003.09.28"]
[Round "2.40"]
[White "Ryan, Joseph"]
[Black "Egeland, Marte"]
[Result "1-0"]
[WhiteElo "2291"]
[BlackElo "1990"]
[PlyCount "73"]
[EventDate "2003.09.27"]
[EventType "swiss"]
[EventRounds "9"]
[EventCountry "IOM"]
[SourceTitle "BritBase"]
[SourceDate "2008.07.14"]
[SourceVersion "1"]
[SourceVersionDate "2008.07.14"]
[SourceQuality "2"]

1. d4 Nf6 2. Nf3 e6 3. e3 b6 4. Bd3 Bb7 5. O-O Be7 6. c4 c5 7. Nc3 cxd4 8. exd4
O-O 9. d5 h6 10. Bc2 exd5 11. cxd5 Bb4 12. Bb3 Na6 13. Qd4 Bc5 14. Qh4 Re8 15.
Rd1 Bf8 16. Qg3 Nh5 17. Qh3 Nf6 18. Be3 Nc5 19. Bc2 Rc8 20. Nh4 Nce4 21. Qf5
Bxd5 22. Rxd5 Nxd5 23. Bxe4 Nf6 24. Bd3 d5 25. Bd4 Ne4 26. Nf3 Bd6 27. Nxe4
dxe4 28. Bxe4 g6 29. Qd5 Qc7 30. Bd3 Red8 31. Qe4 Re8 32. Qg4 Re6 33. Bc3 Rce8
34. Bc4 h5 35. Qd4 Be5 36. Nxe5 Rxe5 37. f4 1-0

[Event "Monarch Assurance Isle of Man 12th"]
[Site "Port Erin IOM"]
[Date "2003.09.28"]
[Round "2.41"]
[White "Loughran, John"]
[Black "Thompson, Ian D"]
[Result "0-1"]
[WhiteElo "1830"]
[BlackElo "2290"]
[PlyCount "78"]
[EventDate "2003.09.27"]
[EventType "swiss"]
[EventRounds "9"]
[EventCountry "IOM"]
[SourceTitle "BritBase"]
[SourceDate "2008.07.14"]
[SourceVersion "1"]
[SourceVersionDate "2008.07.14"]
[SourceQuality "2"]

1. e4 e6 2. d4 d5 3. e5 c5 4. c3 Nc6 5. Nf3 Qb6 6. Be2 cxd4 7. cxd4 Nh6 8. Nc3
Nf5 9. Na4 Bb4+ 10. Kf1 Qd8 11. a3 Be7 12. b4 h5 13. Be3 g5 14. h3 Bd7 15. Nc5
Bxc5 16. bxc5 Nxe3+ 17. fxe3 Ne7 18. Kf2 Nf5 19. Qb3 Bc6 20. Bd3 Nh6 21. Ke2 g4
22. hxg4 hxg4 23. Nh4 b6 24. cxb6 Rb8 25. Qc2 Rxb6 26. g3 Qd7 27. Rac1 O-O 28.
Rhf1 Rfb8 29. Ke1 Bb5 30. Rf6 Rc6 31. Bxb5 Rxc2 32. Bxd7 Rxc1+ 33. Kd2 Rc7 34.
Bxe6 Rb2+ 35. Kd1 fxe6 36. Rxh6 Rf7 37. Ke1 Rfb7 38. Rg6+ Kh7 39. Rxe6 Ra2 0-1

[Event "Monarch Assurance Isle of Man 12th"]
[Site "Port Erin IOM"]
[Date "2003.09.28"]
[Round "2.42"]
[White "Ormsby, Alan"]
[Black "Grant, Alan"]
[Result "0-1"]
[WhiteElo "1792"]
[BlackElo "2270"]
[PlyCount "60"]
[EventDate "2003.09.27"]
[EventType "swiss"]
[EventRounds "9"]
[EventCountry "IOM"]
[SourceTitle "BritBase"]
[SourceDate "2008.07.14"]
[SourceVersion "1"]
[SourceVersionDate "2008.07.14"]
[SourceQuality "2"]

1. e4 c5 2. Nf3 d6 3. d4 cxd4 4. Nxd4 Nf6 5. Nc3 a6 6. Bg5 e6 7. f4 Qb6 8. Qd2
Nc6 9. Nb3 Bd7 10. O-O-O O-O-O 11. Be2 Be7 12. Bf3 Qc7 13. Rhe1 Kb8 14. Kb1 Bc8
15. Qe3 Rhe8 16. Bh4 b5 17. Bf2 Bb7 18. e5 dxe5 19. Rxd8+ Rxd8 20. fxe5 Nd7 21.
Bg3 Nb6 22. Qf2 Bb4 23. Re3 Nc4 24. Rd3 Bxc3 25. Rxc3 Nb4 26. Qe1 Bxf3 27. gxf3
Rd5 28. Bf4 Qd8 29. Nc1 Rd1 30. Qe4 Qd2 0-1

[Event "Monarch Assurance Isle of Man 12th"]
[Site "Port Erin IOM"]
[Date "2003.09.28"]
[Round "2.43"]
[White "Hutchinson, Paul A"]
[Black "Agdestein, Emil"]
[Result "1-0"]
[WhiteElo "2255"]
[BlackElo "1668"]
[PlyCount "121"]
[EventDate "2003.09.27"]
[EventType "swiss"]
[EventRounds "9"]
[EventCountry "IOM"]
[SourceTitle "BritBase"]
[SourceDate "2008.07.14"]
[SourceVersion "1"]
[SourceVersionDate "2008.07.14"]
[SourceQuality "2"]

1. e4 d5 2. exd5 Nf6 3. Nc3 Nxd5 4. Nf3 g6 5. Bc4 c6 6. O-O Bg7 7. d4 O-O 8.
Ne4 Nd7 9. Bg5 N7f6 10. Nc5 b6 11. Nd3 Ne4 12. Bc1 Nd6 13. Bb3 Bg4 14. c3 e6
15. Nde5 Bxf3 16. Qxf3 Rc8 17. Re1 Qf6 18. Bxd5 cxd5 19. Qxf6 Bxf6 20. Nd7 Bg7
21. Nxf8 Kxf8 22. f3 h5 23. Kf1 a6 24. Ke2 Bf6 25. Kd3 Nc4 26. b3 Na5 27. Bb2
Rc7 28. Rac1 b5 29. Ba3+ Be7 30. Bxe7+ Kxe7 31. Ra1 Kd6 32. Re2 Kd7 33. b4 Nc4
34. a4 Nb6 35. axb5 axb5 36. Rea2 Na4 37. Rxa4 bxa4 38. Rxa4 Kc6 39. Ra8 Kb7
40. Rf8 Ka7 41. g4 hxg4 42. fxg4 g5 43. Rg8 f6 44. Rf8 e5 45. Rxf6 e4+ 46. Kc2
Rh7 47. Rf5 Rxh2+ 48. Kb3 e3 49. Rxg5 e2 50. Re5 Kb6 51. g5 Rg2 52. g6 Rxg6 53.
Rxe2 Rg3 54. Re6+ Kb5 55. Re8 Rg5 56. Rc8 Kb6 57. Rc5 Rf5 58. Ka4 Rf3 59. b5
Rg3 60. Kb4 Rg5 61. c4 1-0

[Event "Monarch Assurance Isle of Man 12th"]
[Site "Port Erin IOM"]
[Date "2003.09.28"]
[Round "2.44"]
[White "De Lange, Hans JG"]
[Black "Radovanovic, Jovica"]
[Result "0-1"]
[WhiteElo "1721"]
[BlackElo "2239"]
[PlyCount "41"]
[EventDate "2003.09.27"]
[EventType "swiss"]
[EventRounds "9"]
[EventCountry "IOM"]
[SourceTitle "BritBase"]
[SourceDate "2008.07.14"]
[SourceVersion "1"]
[SourceVersionDate "2008.07.14"]
[SourceQuality "2"]

1. e4 c5 2. Nf3 d6 3. d4 cxd4 4. Nxd4 Nf6 5. Nc3 Nc6 6. Bg5 e6 7. Ndb5 a6 8.
Na3 b5 9. Bxb5 axb5 10. Naxb5 Be7 11. Bf4 Ne5 12. Qd4 O-O 13. Bxe5 dxe5 14.
Qxe5 Ba6 15. O-O Qd2 16. Rac1 Bb4 17. Rfd1 Qxf2+ 18. Kh1 Qb6 19. h3 Bxc3 20.
Nxc3 Qxb2 21. Qg3 0-1

[Event "Monarch Assurance Isle of Man 12th"]
[Site "Port Erin IOM"]
[Date "2003.09.28"]
[Round "2.45"]
[White "Bentley, John"]
[Black "Brekke, Jorunn M"]
[Result "1/2-1/2"]
[WhiteElo "2211"]
[BlackElo "1527"]
[PlyCount "85"]
[EventDate "2003.09.27"]
[EventType "swiss"]
[EventRounds "9"]
[EventCountry "IOM"]
[SourceTitle "BritBase"]
[SourceDate "2008.07.14"]
[SourceVersion "1"]
[SourceVersionDate "2008.07.14"]
[SourceQuality "2"]

1. d4 e6 2. c4 Nf6 3. Nf3 d5 4. e3 Be7 5. Bd3 O-O 6. O-O c5 7. Nbd2 cxd4 8.
exd4 b6 9. b3 Bb7 10. Bb2 Nc6 11. Rc1 Rc8 12. Re1 Rc7 13. Ne5 dxc4 14. Ndxc4
Nb4 15. Bb1 Nbd5 16. Nd3 Qc8 17. Qd2 Ba8 18. Nce5 Qb7 19. Rxc7 Nxc7 20. f3 Ncd5
21. Rc1 Rc8 22. Rc4 Rc7 23. Qc1 a5 24. Nf2 Ne8 25. Be4 Qc8 26. g4 Nd6 27. Rxc7
Qxc7 28. Qxc7 Nxc7 29. Bxa8 Nxa8 30. Ne4 Nb5 31. Nd2 Nac7 32. Ndc4 Nd5 33. Kf2
Kf8 34. Ne3 Nbc7 35. Ke2 Ke8 36. N3c4 Bf8 37. Kd2 f6 38. Nd3 Kd7 39. a3 Kc6 40.
h4 Be7 41. f4 g6 42. Ke2 Kb5 43. Nd2 1/2-1/2